| 000 | 00744nmm a2200253 a 4500 | ||
|---|---|---|---|
| 003 | AR-BaBNM | ||
| 005 | 20251128203757.0 | ||
| 008 | 107019s1966 ||||||||||||||000 | spa|| | ||
| 040 | _cAR-BaBNM | ||
| 100 | 1 | _aDanford, Howard G. | |
| 245 | 1 | 0 | _aPlanes de recreación para la comunidad moderna |
| 260 |
_aBuenos Aires _bBibliográfica Omeba _c1966 |
||
| 300 | 1 | _axii, 417 p. | |
| 504 | _aContiene bibliografía al final de cada capítulo | ||
| 650 | 4 | _aACTIVIDADES RECREATIVAS | |
| 650 | 4 | _aCENTROS DE ACTIVIDADES EXTRAESCOLARES | |
| 650 | 4 | _aCENTROS COMUNITARIOS | |
| 650 | 4 | _aLEGISLACION | |
| 650 | 4 | _aACCION SOCIAL | |
| 653 | 0 | _aACTIVIDADES EXTRAESCOLARES | |
| 700 | 1 |
_aAlt, Enrique _etraductor |
|
| 942 | _cBK | ||
| 998 | _csilvi | ||
| 999 |
_c4903 _d4903 |
||